[Event "Mitropa Cup (Women) 9th"]
[Site "Sibenik"]
[Date "2012.06.07"]
[Round "7"]
[White "Bea, Boglarka"]
[Black "Edes, Zsofia"]
[Result "1-0"]
[WhiteElo "2110"]
[BlackElo "2088"]
[PlyCount "63"]
[EventDate "2012.05.31"]
[EventType "team-tourn"]
[EventRounds "7"]
[EventCountry "CRO"]
[Source "ChessBase"]
[SourceDate "2012.06.22"]
[WhiteTeam "Hungary (W)"]
[BlackTeam "Slovakia (W)"]
[WhiteTeamCountry "HUN"]
[BlackTeamCountry "SVK"]

1. e4 c5 2. Nf3 d6 3. d4 cxd4 4. Qxd4 Nc6 5. Bb5 Bd7 6. Bxc6 Bxc6 7. Bg5 Nf6 8.
Nc3 e6 9. O-O-O Be7 10. Qd3 Qa5 11. h4 O-O 12. Nd4 h6 13. f4 Rfe8 14. Kb1 Rac8
15. Qf3 Qb4 16. g4 Bd7 17. Nde2 d5 18. Bxf6 Bxf6 19. e5 Be7 20. g5 h5 21. Qxh5
Rc4 22. g6 fxg6 23. Qxg6 Rec8 24. Rdg1 Bf8 25. h5 Be8 26. Qxe6+ Bf7 27. Qg4 d4
28. Nxd4 Rxd4 29. Qxc8 Rc4 30. Qh3 Rxf4 31. e6 Be8 32. Nd5 1-0

[Event "Mitropa Cup 31st"]
[Site "Sibenik"]
[Date "2012.05.31"]
[Round "1"]
[White "Aguettaz, Maxime"]
[Black "Diermair, Andreas"]
[Result "1/2-1/2"]
[WhiteElo "2443"]
[BlackElo "2414"]
[PlyCount "42"]
[EventDate "2012.05.31"]
[EventType "team-tourn"]
[EventRounds "9"]
[EventCountry "CRO"]
[Source "ChessBase"]
[SourceDate "2012.06.22"]
[WhiteTeam "France"]
[BlackTeam "Austria"]
[WhiteTeamCountry "FRA"]
[BlackTeamCountry "AUT"]

1. Nf3 d5 2. d4 Nf6 3. c4 e6 4. Nc3 c6 5. Bg5 h6 6. Bh4 dxc4 7. e4 g5 8. Bg3 b5
9. Be2 Bb7 10. O-O Nbd7 11. Ne5 h5 12. Nxd7 Qxd7 13. Qc1 Rg8 14. Rd1 Bb4 15.
Qe3 Qe7 16. a4 a6 17. h3 h4 18. Be5 Nd7 19. Bh2 Nf6 20. Be5 Nd7 21. Bh2 Nf6
1/2-1/2

[Event "Mitropa Cup 31st"]
[Site "Sibenik"]
[Date "2012.05.31"]
[Round "1"]
[White "Froewis, Georg"]
[Black "Dubessay, Bastien"]
[Result "1/2-1/2"]
[WhiteElo "2363"]
[BlackElo "2384"]
[PlyCount "134"]
[EventDate "2012.05.31"]
[EventType "team-tourn"]
[EventRounds "9"]
[EventCountry "CRO"]
[Source "ChessBase"]
[SourceDate "2012.06.22"]
[WhiteTeam "Austria"]
[BlackTeam "France"]
[WhiteTeamCountry "AUT"]
[BlackTeamCountry "FRA"]

1. Nf3 c5 2. c4 Nc6 3. g3 g6 4. Bg2 Bg7 5. O-O e5 6. Nc3 d6 7. Ne1 Be6 8. d3
Nge7 9. Nc2 d5 10. cxd5 Nxd5 11. Ne4 b6 12. Ng5 Bc8 13. Ne3 Nde7 14. Bd2 h6 15.
Nf3 O-O 16. Bc3 Be6 17. Qa4 Nd4 18. Bxd4 exd4 19. Nc4 Qc7 20. Rac1 Nd5 21. Ncd2
a6 22. Nxd4 Bxd4 23. Bxd5 Bxb2 24. Bxa8 Bxc1 25. Rxc1 Rxa8 26. d4 Qd8 27. Nf3
b5 28. Qa3 c4 29. e4 Qb6 30. Qb2 Qd6 31. d5 Bh3 32. Qd2 Bg4 33. Nd4 Qc5 34. Nc6
Re8 35. Qf4 Bc8 36. Kg2 Bb7 37. Ne5 Qe7 38. Ng4 f5 39. exf5 Bxd5+ 40. Kh3 g5
41. Qd4 Bf3 42. Nxh6+ Kh7 43. Rc3 Qe4 44. Qxe4 Bxe4 45. Nf7 Bxf5+ 46. g4 Bd3
47. Ra3 Kg6 48. Nd6 Rb8 49. Kg3 b4 50. Ra5 b3 51. axb3 cxb3 52. h4 gxh4+ 53.
Kxh4 Bc4 54. Rc5 Bb5 55. f4 Rh8+ 56. Kg3 Rb8 57. Rc2 a5 58. f5+ Kg7 59. Rc7+
Kf6 60. Ra7 a4 61. Kf4 Rg8 62. Rb7 Bc6 63. Rc7 Be8 64. Ra7 Bb5 65. Rb7 Bc6 66.
Rc7 Be8 67. Ra7 Bb5 1/2-1/2

[Event "Mitropa Cup 31st"]
[Site "Sibenik"]
[Date "2012.05.31"]
[Round "1"]
[White "Housieaux, David"]
[Black "Shengelia, Davit"]
[Result "1-0"]
[WhiteElo "2452"]
[BlackElo "2551"]
[PlyCount "85"]
[EventDate "2012.05.31"]
[EventType "team-tourn"]
[EventRounds "9"]
[EventCountry "CRO"]
[Source "ChessBase"]
[SourceDate "2012.06.22"]
[WhiteTeam "France"]
[BlackTeam "Austria"]
[WhiteTeamCountry "FRA"]
[BlackTeamCountry "AUT"]

1. c4 e6 2. g3 Nf6 3. Bg2 c5 4. Nf3 Nc6 5. O-O b6 6. d4 cxd4 7. Nxd4 Bb7 8. Nb5
Na5 9. Bf4 Rc8 10. Bxb7 Nxb7 11. Qa4 Na5 12. Nd2 a6 13. Nd6+ Bxd6 14. Bxd6 Rc6
15. Qa3 h5 16. h4 Ng4 17. Qd3 Nb7 18. Ba3 Nc5 19. Bxc5 bxc5 20. Ne4 Nf6 21.
Nd6+ Ke7 22. Rad1 Qb6 23. Ne4 Nxe4 24. Qxe4 Qxb2 25. Rd3 Rb8 26. Rfd1 Rb7 27.
Rf3 g6 28. Qf4 f5 29. Rfd3 Qf6 30. Qd2 Rcc7 31. Rd6 a5 32. Ra6 Kf7 33. Rxa5 Qd4
34. Qxd4 cxd4 35. Rxd4 Rb2 36. Kf1 Rc2 37. c5 Rb7 38. Rd1 Ke7 39. a4 Rbb2 40.
Ra7 Rxe2 41. Rdxd7+ Ke8 42. c6 Rxf2+ 43. Ke1 1-0

[Event "Mitropa Cup 31st"]
[Site "Sibenik"]
[Date "2012.05.31"]
[Round "1"]
[White "Kreisl, Robert"]
[Black "Libiszewski, Fabien"]
[Result "0-1"]
[WhiteElo "2398"]
[BlackElo "2495"]
[PlyCount "82"]
[EventDate "2012.05.31"]
[EventType "team-tourn"]
[EventRounds "9"]
[EventCountry "CRO"]
[Source "ChessBase"]
[SourceDate "2012.06.22"]
[WhiteTeam "Austria"]
[BlackTeam "France"]
[WhiteTeamCountry "AUT"]
[BlackTeamCountry "FRA"]

1. Nf3 Nf6 2. c4 g6 3. Nc3 Bg7 4. e4 d6 5. d4 O-O 6. Be2 e5 7. O-O Na6 8. Be3
Ng4 9. Bg5 Qe8 10. c5 exd4 11. Nd5 Be6 12. cxd6 Bxd5 13. exd5 cxd6 14. Bxa6
bxa6 15. Nxd4 Qe5 16. Qxg4 Qxd4 17. Qxd4 Bxd4 18. Rac1 Rfc8 19. b3 Kg7 20. Rfd1
Rxc1 21. Bxc1 Rc8 22. Ba3 Be5 23. Rd2 a5 24. g3 g5 25. Kf1 a4 26. Ke2 Kg6 27.
Rd1 Kf5 28. f3 h5 29. Rc1 Rxc1 30. Bxc1 axb3 31. axb3 Bd4 32. h3 g4 33. hxg4+
hxg4 34. Bf4 Be5 35. Be3 a6 36. Bf2 Bb2 37. Be1 gxf3+ 38. Kxf3 Ke5 39. Ke3 Kxd5
40. Kd3 Ke5 41. Bb4 d5 0-1

[Event "Mitropa Cup 31st"]
[Site "Sibenik"]
[Date "2012.05.31"]
[Round "1"]
[White "Doric, Darko"]
[Black "Lombard, Andre"]
[Result "1-0"]
[WhiteElo "2513"]
[BlackElo "2353"]
[PlyCount "77"]
[EventDate "2012.05.31"]
[EventType "team-tourn"]
[EventRounds "9"]
[EventCountry "CRO"]
[Source "ChessBase"]
[SourceDate "2012.06.22"]
[WhiteTeam "Croatia"]
[BlackTeam "Switzerland"]
[WhiteTeamCountry "CRO"]
[BlackTeamCountry "SUI"]

1. d4 d5 2. c4 c6 3. cxd5 cxd5 4. Nc3 Nf6 5. Bf4 e6 6. e3 Nc6 7. Bd3 Bd6 8.
Bxd6 Qxd6 9. f4 b6 10. Nf3 Bb7 11. O-O O-O 12. Rc1 Rac8 13. Ne5 Nb4 14. Bb1 Ne4
15. Bxe4 dxe4 16. a3 Na6 17. Qa4 f6 18. Nc4 Qb8 19. Nd2 Nc7 20. Ndxe4 Qa8 21.
Qc2 Nb5 22. Qe2 Ba6 23. Nxf6+ Rxf6 24. Nxb5 Rcf8 25. a4 Rg6 26. Rf2 Qd8 27. Qc4
Bb7 28. Nc3 Qh4 29. Qc7 Ba8 30. e4 Rgf6 31. Rcf1 g5 32. g3 Qh3 33. Qe5 gxf4 34.
Rxf4 Rxf4 35. Qg5+ Kh8 36. Rxf4 Rxf4 37. Qxf4 Kg7 38. Qc7+ Kf6 39. Qd8+ 1-0

[Event "Mitropa Cup 31st"]
[Site "Sibenik"]
[Date "2012.05.31"]
[Round "1"]
[White "Biolek, Richard"]
[Black "Skoberne, Jure"]
[Result "0-1"]
[WhiteElo "2412"]
[BlackElo "2535"]
[PlyCount "100"]
[EventDate "2012.05.31"]
[EventType "team-tourn"]
[EventRounds "9"]
[EventCountry "CRO"]
[Source "ChessBase"]
[SourceDate "2012.06.22"]
[WhiteTeam "Czech Republic"]
[BlackTeam "Slovenia"]
[WhiteTeamCountry "CZE"]
[BlackTeamCountry "SLO"]

1. d4 Nf6 2. c4 g6 3. Nc3 Bg7 4. e4 d6 5. f3 O-O 6. Be3 c6 7. Qd2 a6 8. Rd1 b5
9. e5 Nfd7 10. f4 Nb6 11. c5 Nd5 12. Nxd5 cxd5 13. cxd6 exd6 14. Be2 Nc6 15.
Bf3 Bg4 16. Rc1 Bxf3 17. Nxf3 Rc8 18. O-O Qd7 19. Rc2 f6 20. Rfc1 dxe5 21. dxe5
fxe5 22. fxe5 d4 23. Nxd4 Nxe5 24. Rxc8 Rxc8 25. Rxc8+ Qxc8 26. Nb3 h5 27. Bd4
Qf5 28. h3 g5 29. Bxe5 Qxe5 30. Qd8+ Kh7 31. Qd3+ Kh6 32. Kf1 Qf4+ 33. Ke2 Bxb2
34. Nc5 Bd4 35. Ne4 Qe5 36. Kd1 Bb6 37. Nd2 g4 38. hxg4 hxg4 39. Qd7 Kg5 40.
Qc6 Be3 41. Ne4+ Kf4 42. Nc3 Kg3 43. Kc2 Bd4 44. Ne4+ Kxg2 45. Kd3 Bf2 46. Nd2+
Kg1 47. Qxa6 Qe3+ 48. Kc2 Be1 49. Nb3 Qe2+ 50. Kb1 g3 0-1

[Event "Mitropa Cup 31st"]
[Site "Sibenik"]
[Date "2012.05.31"]
[Round "1"]
[White "Borisek, Jure"]
[Black "Simacek, Pavel"]
[Result "1-0"]
[WhiteElo "2539"]
[BlackElo "2460"]
[PlyCount "85"]
[EventDate "2012.05.31"]
[EventType "team-tourn"]
[EventRounds "9"]
[EventCountry "CRO"]
[Source "ChessBase"]
[SourceDate "2012.06.22"]
[WhiteTeam "Slovenia"]
[BlackTeam "Czech Republic"]
[WhiteTeamCountry "SLO"]
[BlackTeamCountry "CZE"]

1. e4 e5 2. Nf3 Nc6 3. Bb5 f5 4. d3 fxe4 5. dxe4 Nf6 6. Be3 d6 7. Nc3 a6 8. Bd3
Bg4 9. h3 Bh5 10. g4 Bf7 11. Qe2 g6 12. O-O-O Bg7 13. Ng5 Bg8 14. Bc4 Qe7 15.
Bxg8 Rxg8 16. Qc4 Rh8 17. Ne6 Kd7 18. Nxc7 Kxc7 19. g5 b5 20. gxf6 bxc4 21.
Nd5+ Kd7 22. Nb6+ Ke6 23. fxe7 Ra7 24. Nxc4 Rd7 25. Rd3 Bf6 26. Ra3 Nb8 27. Rd1
Bxe7 28. Rad3 Rf8 29. Kd2 Rf3 30. Rh1 Rd8 31. Ke2 Rdf8 32. h4 Nc6 33. c3 R3f7
34. h5 g5 35. Rhd1 Rd8 36. Bxg5 Bxg5 37. Rxd6+ Ke7 38. Rxc6 Rxd1 39. Kxd1 Rxf2
40. Rxa6 h6 41. a4 Rh2 42. Ra5 Bf4 43. Nxe5 1-0

[Event "Mitropa Cup 31st"]
[Site "Sibenik"]
[Date "2012.05.31"]
[Round "1"]
[White "Lenic, Luka"]
[Black "Cvek, Robert"]
[Result "1-0"]
[WhiteElo "2632"]
[BlackElo "2563"]
[PlyCount "81"]
[EventDate "2012.05.31"]
[EventType "team-tourn"]
[EventRounds "9"]
[EventCountry "CRO"]
[Source "ChessBase"]
[SourceDate "2012.06.22"]
[WhiteTeam "Slovenia"]
[BlackTeam "Czech Republic"]
[WhiteTeamCountry "SLO"]
[BlackTeamCountry "CZE"]

1. Nf3 Nf6 2. g3 d5 3. Bg2 e6 4. O-O Be7 5. c4 O-O 6. b3 b6 7. Bb2 Bb7 8. e3
Nbd7 9. Nc3 Ne4 10. Ne2 a5 11. d3 Bf6 12. Qc2 Bxb2 13. Qxb2 Qf6 14. Qc2 Nec5
15. cxd5 Bxd5 16. Nf4 Bxf3 17. Bxf3 Rad8 18. Bg2 e5 19. Nd5 Qd6 20. Rfd1 Ne6
21. d4 exd4 22. exd4 Nb8 23. Qb2 Nc6 24. Rac1 Ne7 25. Nc3 Qd7 26. d5 Nc5 27.
Qc2 Ng6 28. Ne4 Nxe4 29. Bxe4 f5 30. Bg2 Rc8 31. f4 Rfe8 32. d6 cxd6 33. Bc6
Qe7 34. Bd5+ Kh8 35. Qxc8 Rxc8 36. Rxc8+ Nf8 37. Kf1 g6 38. Rdc1 Qe3 39. Rxf8+
Kg7 40. Rf7+ Kh6 41. Rd1 1-0

[Event "Mitropa Cup 31st"]
[Site "Sibenik"]
[Date "2012.05.31"]
[Round "1"]
[White "Plat, Vojtech"]
[Black "Sebenik, Matej"]
[Result "1-0"]
[WhiteElo "2485"]
[BlackElo "2573"]
[PlyCount "73"]
[EventDate "2012.05.31"]
[EventType "team-tourn"]
[EventRounds "9"]
[EventCountry "CRO"]
[Source "ChessBase"]
[SourceDate "2012.06.22"]
[WhiteTeam "Czech Republic"]
[BlackTeam "Slovenia"]
[WhiteTeamCountry "CZE"]
[BlackTeamCountry "SLO"]

1. e4 e6 2. d4 d5 3. Nd2 Nf6 4. e5 Nfd7 5. Bd3 c5 6. c3 Nc6 7. Ne2 cxd4 8. cxd4
f6 9. Nf4 Nxd4 10. Qh5+ Ke7 11. Ng6+ hxg6 12. exf6+ Kxf6 13. Qxh8 Kf7 14. Qh3
e5 15. Qg3 Nf5 16. Bxf5 gxf5 17. Nf3 f4 18. Qg4 Qf6 19. O-O Be7 20. h4 Kg8 21.
Re1 Bd6 22. Ng5 Nb6 23. Qd1 Bd7 24. a4 Bc6 25. a5 Nd7 26. a6 Nf8 27. axb7 Bxb7
28. Qb3 Rb8 29. Rxa7 Bc6 30. Qc2 Be8 31. Qd3 Rb5 32. Ra6 Qd8 33. Bxf4 Qb8 34.
Rxd6 Qxd6 35. Rxe5 Qd7 36. Qe2 Bg6 37. Re7 1-0

[Event "Mitropa Cup 31st"]
[Site "Sibenik"]
[Date "2012.05.31"]
[Round "1"]
[White "Huschenbeth, Niclas"]
[Black "Brunello, Sabino"]
[Result "1/2-1/2"]
[WhiteElo "2521"]
[BlackElo "2592"]
[PlyCount "52"]
[EventDate "2012.05.31"]
[EventType "team-tourn"]
[EventRounds "9"]
[EventCountry "CRO"]
[Source "ChessBase"]
[SourceDate "2012.06.22"]
[WhiteTeam "Germany"]
[BlackTeam "Italy"]
[WhiteTeamCountry "GER"]
[BlackTeamCountry "ITA"]

1. e4 e5 2. Nf3 Nc6 3. d4 exd4 4. Nxd4 Bc5 5. Nxc6 Qf6 6. Qf3 bxc6 7. Nd2 d6 8.
Nb3 Bb6 9. a4 a5 10. Bd2 Qxf3 11. gxf3 Ne7 12. Rg1 O-O 13. Be3 Bxe3 14. fxe3 f5
15. e5 f4 16. e4 d5 17. Rd1 dxe4 18. Bc4+ Kh8 19. fxe4 Ng6 20. Rg5 Bh3 21. e6
Rae8 22. Nc5 f3 23. Kf2 Nf4 24. Re5 Ng6 25. Rg5 Nf4 26. Re5 Ng6 1/2-1/2

[Event "Mitropa Cup 31st"]
[Site "Sibenik"]
[Date "2012.05.31"]
[Round "1"]
[White "Rombaldoni, Denis"]
[Black "Bluebaum, Matthias"]
[Result "0-1"]
[WhiteElo "2520"]
[BlackElo "2428"]
[PlyCount "110"]
[EventDate "2012.05.31"]
[EventType "team-tourn"]
[EventRounds "9"]
[EventCountry "CRO"]
[Source "ChessBase"]
[SourceDate "2012.06.22"]
[WhiteTeam "Italy"]
[BlackTeam "Germany"]
[WhiteTeamCountry "ITA"]
[BlackTeamCountry "GER"]

1. d4 d5 2. c4 c6 3. Nf3 Nf6 4. Qc2 dxc4 5. Qxc4 Bf5 6. g3 e6 7. Bg2 Nbd7 8.
O-O Be7 9. e3 O-O 10. Rd1 Qa5 11. Qe2 e5 12. Bd2 Qc7 13. dxe5 Nxe5 14. e4 Bg4
15. Bc3 Nfd7 16. Nbd2 Bf6 17. h3 Nxf3+ 18. Nxf3 Bh5 19. Bxf6 Nxf6 20. g4 Bg6
21. e5 Rfe8 22. Re1 Nd7 23. Qe3 Qa5 24. Qd4 Rad8 25. b4 Qc7 26. Qc3 Nb6 27. Nh4
Nd5 28. Qd4 a6 29. a3 Qe7 30. Nxg6 hxg6 31. Rad1 g5 32. Qc5 Qxc5 33. bxc5 Nf4
34. Rd6 Nd3 35. Rd1 Rxd6 36. cxd6 Nxe5 37. Rb1 b5 38. h4 Rd8 39. hxg5 Rxd6 40.
f4 Nc4 41. a4 Nb6 42. axb5 cxb5 43. f5 Nc4 44. Kh2 Kf8 45. Bb7 Rb6 46. Bxa6 Na3
47. Rc1 Rxa6 48. Rc8+ Ke7 49. Rc7+ Ke8 50. Rc8+ Kd7 51. Rf8 Ke7 52. Rg8 Nc4 53.
Rxg7 Ne5 54. Rg8 Rb6 55. f6+ Kd7 0-1

[Event "Mitropa Cup 31st"]
[Site "Sibenik"]
[Date "2012.05.31"]
[Round "1"]
[White "Shytaj, Luca"]
[Black "Zelbel, Patrick"]
[Result "1/2-1/2"]
[WhiteElo "2496"]
[BlackElo "2377"]
[PlyCount "109"]
[EventDate "2012.05.31"]
[EventType "team-tourn"]
[EventRounds "9"]
[EventCountry "CRO"]
[Source "ChessBase"]
[SourceDate "2012.06.22"]
[WhiteTeam "Italy"]
[BlackTeam "Germany"]
[WhiteTeamCountry "ITA"]
[BlackTeamCountry "GER"]

1. e4 e5 2. Nf3 Nc6 3. Bb5 Nf6 4. d3 Bc5 5. c3 O-O 6. Bg5 h6 7. Bh4 g5 8. Bg3
d6 9. Nbd2 Bg4 10. h3 Bh5 11. h4 g4 12. Nh2 Ne7 13. Ndf1 c6 14. Ba4 Kh7 15. Bc2
Ng6 16. Qd2 d5 17. exd5 Qxd5 18. Ne3 Qe6 19. O-O e4 20. d4 Bd6 21. Bb3 Qd7 22.
Nc4 Bxg3 23. fxg3 Nd5 24. Ne5 Nxe5 25. dxe5 f5 26. exf6 Nxf6 27. Qxd7+ Nxd7 28.
Be6 Nf6 29. Rae1 Rae8 30. Bf5+ Kg7 31. Rf4 Nd5 32. Rfxe4 Rxe4 33. Bxe4 Re8 34.
Kf2 Rf8+ 35. Ke2 Re8 36. Kd2 Nb6 37. b3 Rd8+ 38. Ke3 Re8 39. c4 Nd7 40. Kd2 Re5
41. Re3 Kf6 42. Bc2 Rxe3 43. Kxe3 Ke5 44. Nf1 Bf7 45. Nd2 b6 46. Nb1 Nf6 47.
Nc3 Nh5 48. Ne2 c5 49. Be4 Be8 50. Bb7 Bd7 51. Be4 Be8 52. a3 Bf7 53. Bb7 Be6
54. Bc6 Bf5 55. b4 1/2-1/2

[Event "Mitropa Cup 31st"]
[Site "Sibenik"]
[Date "2012.05.31"]
[Round "1"]
[White "Banusz, Tamas"]
[Black "Mazur, Stefan"]
[Result "0-1"]
[WhiteElo "2582"]
[BlackElo "2391"]
[PlyCount "122"]
[EventDate "2012.05.31"]
[EventType "team-tourn"]
[EventRounds "9"]
[EventCountry "CRO"]
[Source "ChessBase"]
[SourceDate "2012.06.22"]
[WhiteTeam "Hungary"]
[BlackTeam "Slovakia"]
[WhiteTeamCountry "HUN"]
[BlackTeamCountry "SVK"]

1. Nf3 Nf6 2. c4 g6 3. g3 Bg7 4. Bg2 O-O 5. O-O d6 6. d4 Nc6 7. Nc3 a6 8. Bf4
Bd7 9. Rc1 Rb8 10. Qd2 b5 11. Nd5 Ne4 12. Qc2 Bf5 13. cxb5 Nxg3 14. Qxc6 Nxe2+
15. Kh1 Be4 16. Bg5 Nxc1 17. Bxc1 Rxb5 18. Nf6+ Bxf6 19. Qxe4 Qd7 20. b3 c5 21.
dxc5 Rxc5 22. Be3 Rh5 23. Rd1 Rc8 24. Rd5 Qc6 25. Ne1 Rxd5 26. Qxd5 Qxd5 27.
Bxd5 e6 28. Bc4 d5 29. Be2 e5 30. b4 d4 31. Bd2 Rc6 32. Bd3 Be7 33. f4 exf4 34.
a4 g5 35. a5 g4 36. b5 axb5 37. Bxb5 Rc7 38. a6 f3 39. Bf4 Rc3 40. Nd3 Ra3 41.
h3 Ra1+ 42. Kh2 Ra2+ 43. Kg1 h5 44. hxg4 hxg4 45. Bc4 Ra4 46. Nb2 Ra1+ 47. Kh2
Bc5 48. Nd3 Ba7 49. Kg3 Rg1+ 50. Kh4 Kg7 51. Be5+ Kg6 52. Bd6 Bb6 53. Nf4+ Kh6
54. Nd5 Bd8+ 55. Be7 g3 56. Bxd8 g2 57. Bg5+ Kh7 58. Bd3+ Kg8 59. Nf6+ Kh8 60.
a7 Rh1+ 61. Kg4 g1=Q+ 0-1

[Event "Mitropa Cup 31st"]
[Site "Sibenik"]
[Date "2012.05.31"]
[Round "1"]
[White "Erdos, Viktor"]
[Black "Jurcik, Marian"]
[Result "1-0"]
[WhiteElo "2624"]
[BlackElo "2491"]
[PlyCount "85"]
[EventDate "2012.05.31"]
[EventType "team-tourn"]
[EventRounds "9"]
[EventCountry "CRO"]
[Source "ChessBase"]
[SourceDate "2012.06.22"]
[WhiteTeam "Hungary"]
[BlackTeam "Slovakia"]
[WhiteTeamCountry "HUN"]
[BlackTeamCountry "SVK"]

1. c4 e5 2. g3 Nf6 3. Bg2 h6 4. Nc3 Bb4 5. Qb3 Na6 6. a3 Be7 7. Qc2 d6 8. Nf3
Nc5 9. d4 exd4 10. Nxd4 a5 11. b3 O-O 12. O-O c6 13. Rb1 Re8 14. Rd1 Bg4 15. b4
axb4 16. axb4 Ne6 17. Nf5 Bxf5 18. Qxf5 Qc7 19. Bb2 Bf8 20. e3 Qb6 21. Ne2 Nh7
22. Qc2 Ra2 23. Nc3 Ra7 24. Ne4 Qc7 25. h4 Be7 26. Bh3 Nhf8 27. Rd2 Rd8 28.
Rbd1 Qb6 29. Bc3 d5 30. cxd5 cxd5 31. Rxd5 Rxd5 32. Rxd5 Bxb4 33. Qb3 Ba5 34.
Rb5 Qc7 35. Bb2 b6 36. Kh2 Qc6 37. Bg2 Qd7 38. Rd5 Qe7 39. Ba3 Qc7 40. Nd6 Qb8
41. Rf5 Nd8 42. Bd5 Kh8 43. Nb5 1-0

[Event "Mitropa Cup 31st"]
[Site "Sibenik"]
[Date "2012.05.31"]
[Round "1"]
[White "Straka, Josef Jr"]
[Black "Fodor, Tamas Jr"]
[Result "0-1"]
[WhiteElo "2373"]
[BlackElo "2502"]
[PlyCount "122"]
[EventDate "2012.05.31"]
[EventType "team-tourn"]
[EventRounds "9"]
[EventCountry "CRO"]
[Source "ChessBase"]
[SourceDate "2012.06.22"]
[WhiteTeam "Slovakia"]
[BlackTeam "Hungary"]
[WhiteTeamCountry "SVK"]
[BlackTeamCountry "HUN"]

1. d4 d5 2. c4 c6 3. Nf3 Nf6 4. e3 e6 5. Nbd2 c5 6. Bd3 Nc6 7. O-O cxd4 8. exd4
Be7 9. c5 O-O 10. a3 a5 11. Rb1 a4 12. b4 axb3 13. Qxb3 Nd7 14. Re1 Bf6 15. Bb2
Qc7 16. Rbc1 g6 17. g3 Bg7 18. Kg2 Rd8 19. Bb5 Ndb8 20. h4 h5 21. Bd3 Nd7 22.
Nb1 Qa5 23. Qc2 Nf8 24. Qe2 Bd7 25. Qe3 b6 26. Bc3 Qa7 27. Bb4 Rdc8 28. cxb6
Qxb6 29. Bc5 Qd8 30. Nc3 Na5 31. Bb4 Be8 32. Ne5 Nd7 33. Nb5 Rxc1 34. Rxc1 Nxe5
35. dxe5 Nc6 36. Bd6 Rc8 37. f4 Bd7 38. Rb1 Qa5 39. Kh3 Bf8 40. Bxf8 Rxf8 41.
g4 hxg4+ 42. Kxg4 Ne7 43. Nd4 Qxa3 44. h5 Qa7 45. hxg6 fxg6 46. Rh1 Kg7 47. Kg5
Qa2 48. Qh3 Kf7 49. Qh7+ Ke8 50. Bxg6+ Kd8 51. Rh2 Qa1 52. Nf3 Rg8 53. Nh4 Be8
54. Kf6 Rf8+ 55. Kg5 Bxg6 56. Qh6 Rf5+ 57. Kg4 Bh5+ 58. Kh3 Qc3+ 59. Kg2 Qd2+
60. Kg3 Qe3+ 61. Kg2 Rxf4 0-1

[Event "Mitropa Cup 31st"]
[Site "Sibenik"]
[Date "2012.06.01"]
[Round "2"]
[White "Diermair, Andreas"]
[Black "Mazur, Stefan"]
[Result "1/2-1/2"]
[WhiteElo "2414"]
[BlackElo "2391"]
[PlyCount "103"]
[EventDate "2012.05.31"]
[EventType "team-tourn"]
[EventRounds "9"]
[EventCountry "CRO"]
[Source "ChessBase"]
[SourceDate "2012.06.22"]
[WhiteTeam "Austria"]
[BlackTeam "Slovakia"]
[WhiteTeamCountry "AUT"]
[BlackTeamCountry "SVK"]

1. Nf3 Nf6 2. c4 g6 3. Nc3 Bg7 4. e4 d6 5. d4 O-O 6. Be2 e5 7. O-O Nc6 8. d5
Ne7 9. Ne1 Ne8 10. Be3 f5 11. f3 f4 12. Bf2 g5 13. Nd3 Ng6 14. c5 Rf7 15. a4
Nf6 16. a5 a6 17. cxd6 cxd6 18. Na4 g4 19. Nb6 g3 20. Nxa8 Nh5 21. Kh1 Qh4 22.
Bg1 Bh3 23. Rf2 gxf2 24. Bxf2 Ng3+ 25. Bxg3 fxg3 26. gxh3 Bh6 27. Qg1 g2+ 28.
Qxg2 Be3 29. Qg4 Qd8 30. Nb6 Rc7 31. Re1 Kh8 32. Bd1 Bd2 33. Rg1 Bxa5 34. Na4
b5 35. Nc3 Bxc3 36. bxc3 Rxc3 37. Nb4 a5 38. Nc6 Qf6 39. Nxa5 b4 40. Nb3 Rd3
41. h4 Qf4 42. h5 Qxg4 43. fxg4 Nf4 44. Re1 Kg7 45. g5 Rc3 46. Kg1 Nh3+ 47. Kg2
Nxg5 48. Nd2 Nh3 49. Bf3 Nf4+ 50. Kf1 b3 51. Rb1 b2 52. Bd1 1/2-1/2

[Event "Mitropa Cup 31st"]
[Site "Sibenik"]
[Date "2012.06.01"]
[Round "2"]
[White "Pacher, Milan"]
[Black "Kreisl, Robert"]
[Result "1/2-1/2"]
[WhiteElo "2440"]
[BlackElo "2398"]
[PlyCount "81"]
[EventDate "2012.05.31"]
[EventType "team-tourn"]
[EventRounds "9"]
[EventCountry "CRO"]
[Source "ChessBase"]
[SourceDate "2012.06.22"]
[WhiteTeam "Slovakia"]
[BlackTeam "Austria"]
[WhiteTeamCountry "SVK"]
[BlackTeamCountry "AUT"]

1. d4 d5 2. c4 c6 3. Nf3 Nf6 4. Nc3 dxc4 5. a4 Bf5 6. Ne5 Nbd7 7. Nxc4 Qc7 8.
g3 e5 9. Bg2 Be6 10. Nxe5 Nxe5 11. dxe5 Rd8 12. Qc2 Qxe5 13. O-O Qh5 14. a5 a6
15. Bf4 Be7 16. Bc7 Rd7 17. Bb6 Bh3 18. Rfd1 Bxg2 19. Kxg2 O-O 20. Ne4 Nd5 21.
Nc5 Bxc5 22. Bxc5 Rfd8 23. f3 h6 24. b4 Qg5 25. Kf2 Qh5 26. Kg1 Qe5 27. e4 Nf6
28. Kg2 Qe6 29. Bb6 Rxd1 30. Rxd1 Rxd1 31. Qxd1 Nd7 32. Bf2 f5 33. exf5 Qxf5
34. g4 Qe6 35. h4 Kf7 36. h5 Nf6 37. Qd8 Nd5 38. Qb8 Qe7 39. Bc5 Qe2+ 40. Kg3
Qe1+ 41. Kg2 1/2-1/2

[Event "Mitropa Cup 31st"]
[Site "Sibenik"]
[Date "2012.06.01"]
[Round "2"]
[White "Shengelia, Davit"]
[Black "Jurcik, Marian"]
[Result "1-0"]
[WhiteElo "2551"]
[BlackElo "2491"]
[PlyCount "67"]
[EventDate "2012.05.31"]
[EventType "team-tourn"]
[EventRounds "9"]
[EventCountry "CRO"]
[Source "ChessBase"]
[SourceDate "2012.06.22"]
[WhiteTeam "Austria"]
[BlackTeam "Slovakia"]
[WhiteTeamCountry "AUT"]
[BlackTeamCountry "SVK"]

1. Nf3 d5 2. g3 Bg4 3. Bg2 Nd7 4. c4 dxc4 5. Qa4 c6 6. Qxc4 Bxf3 7. Bxf3 Ne5 8.
Qb3 Nxf3+ 9. Qxf3 Nf6 10. Nc3 g6 11. O-O Bg7 12. Rd1 Qd4 13. d3 O-O 14. e4 Nd7
15. Qe2 e5 16. Be3 Qd6 17. f4 f5 18. d4 exf4 19. Qc4+ Kh8 20. e5 Nb6 21. Qb3
Qe7 22. gxf4 Qh4 23. Rd2 g5 24. Rf1 Bh6 25. Rdf2 Rg8 26. Kh1 Rg6 27. fxg5 Bxg5
28. Bxg5 Rxg5 29. Qf7 Qxd4 30. Qf6+ Rg7 31. Rg2 Qd7 32. Rfg1 Rag8 33. e6 Nd5
34. exd7 1-0

[Event "Mitropa Cup 31st"]
[Site "Sibenik"]
[Date "2012.06.01"]
[Round "2"]
[White "Straka, Josef Jr"]
[Black "Froewis, Georg"]
[Result "1-0"]
[WhiteElo "2373"]
[BlackElo "2363"]
[PlyCount "63"]
[EventDate "2012.05.31"]
[EventType "team-tourn"]
[EventRounds "9"]
[EventCountry "CRO"]
[Source "ChessBase"]
[SourceDate "2012.06.22"]
[WhiteTeam "Slovakia"]
[BlackTeam "Austria"]
[WhiteTeamCountry "SVK"]
[BlackTeamCountry "AUT"]

1. e4 e6 2. d4 d5 3. Nc3 Bb4 4. e5 c5 5. a3 Bxc3+ 6. bxc3 Ne7 7. Qg4 cxd4 8.
Qxg7 Rg8 9. Qxh7 Qc7 10. Ne2 Nbc6 11. f4 Bd7 12. Qd3 dxc3 13. Rb1 O-O-O 14. g3
d4 15. Bg2 Nf5 16. O-O Na5 17. Be4 Bc6 18. Bxf5 exf5 19. Qxf5+ Kb8 20. Rb4 Bd7
21. Qxf7 Rgf8 22. Qh7 Nc6 23. Nxd4 Nxb4 24. axb4 Qc4 25. Be3 Bc6 26. Qh6 Be4
27. e6 Qxb4 28. Qg7 Rd5 29. Nc6+ bxc6 30. Qxa7+ Kc8 31. Bb6 Qd6 32. Qa8+ 1-0